Loading...
| History - American | 0 | 2 | 0 | 0 | 20 | 89 | 97.00 | 0 | 2 | 0.00 | 0.00 |
| Fine Arts - Other | 0 | 2 | 0 | 1 | 20 | 134 | 136.50 | 0 | 2 | 0.00 | 0.00 |
| History - Other | 0 | 2 | 1 | 1 | 15 | 49 | 87.00 | 1 | 2 | 0.00 | 0.00 |
| Fine Arts - Painting and Sculpture | 0 | 1 | 0 | 1 | 10 | 137 | 137.00 | 0 | 1 | 0.00 | 0.00 |
| Literature - American | 0 | 1 | 0 | 0 | 10 | 147 | 147.00 | 0 | 1 | 0.00 | 0.00 |
| Religion | 0 | 1 | 0 | 0 | 10 | 127 | 127.00 | 0 | 1 | 0.00 | 0.00 |
| Science - Biology | 0 | 1 | 1 | 0 | 5 | 115 | 115.00 | 0 | 1 | 0.00 | 0.00 |
| Social Science | 0 | 1 | 2 | 1 | 0 | 115 | 115.00 | 0 | 1 | 0.00 | 0.00 |
| History - World | 0 | 0 | 0 | 0 | 0 | 0.00 | 0 | 0 | 0.00 | 0.00 | |
| Literature - British | 0 | 0 | 0 | 0 | 0 | 0.00 | 0 | 0 | 0.00 | 0.00 | |
| Fine Arts - Classical Music | 0 | 0 | 0 | 0 | 0 | 0.00 | 0 | 0 | 0.00 | 0.00 |